| 000 | 00921cam a22003014a 4500 | ||
|---|---|---|---|
| 003 | OSt | ||
| 005 | 20140310184451.0 | ||
| 008 | 070710s2007 nyua j 001 0 eng | ||
| 010 | _a 2007277621 | ||
| 020 | _a0439796008 (pbk.) | ||
| 020 | _a9780439796002 (pbk.) | ||
| 040 |
_aDLC _cDLC _dDLC |
||
| 050 | 0 | 0 |
_aQL 100 _b.Si59 2007 |
| 100 | 1 |
_aSimon, Seymour. _91176 |
|
| 245 | 1 | 0 |
_aPoisonous animals / _cSeymour Simon. |
| 260 |
_aNew York : _bScholastic, _c2007. |
||
| 300 |
_a31 p. : _bcol. ill. ; _c23 cm. |
||
| 490 | 0 | _aTop 50 questions | |
| 500 | _aIncludes index. | ||
| 521 | _aG9 | ||
| 526 | _c1000 | ||
| 650 | 0 |
_aPoisonous animals _vMiscellanes _vJuvenile literature. _928018 |
|
| 906 |
_a7 _bcbc _corigres _d2 _encip _f20 _gy-gencatlg |
||
| 942 |
_2lcc _cBK-SCHOLAS |
||
| 999 |
_c34576 _d34576 |
||